000 00700nam a22001937a 4500
005 20130801151517.0
010 _aB-516043-069
020 _a9788184516982
_c650.00
035 _aB-516043-069
037 _aUBH/VEN
082 _a483
100 _aVed Prakash
245 _aDreamland My Dictionary of 5000 Words:
_cby Ved Prakash
_bA dictionary to enrich vocabulary with enthralling imagaes/
260 _aNew Delhi
_bDreamland
_c2011
270 _aJ-128, Kriti Nagar
_bNew Delhi
_e110015
_k25106050
_l25438283
300 _a336p.
_bcol.ill
_c32cm.(Hb)
942 _2ddc
_cCH
_mVED
_h483
999 _c78279
_d78279